1876 1233 1350 1122 1719 1715 1267 1866 1977 1325 1112 1879 1726 1474 1210 1502 1856 1880 1853 1345 1082 1902 1031 1715 1005 1950 1177 1806 1490 1984 1251 1787 1220 1313 1668 1644 1718 1099 1314 1757 1853 1437 1535 1933 1522 1725 1401 1880 1178 1694 1851 1596 1884 1318 1509 1517 1780 1391 1196 1339 1239 1491 1575 1261 1564 1599 1292 1984 1890 1374 1375 1760 1845 1470 1474 1759 1872 1353 1621 1200 1568 1599 1994 1036 1884 1280 1301 1414 1190 1187 1692 1377 1196 1011 1343 1001 1009 1772 1182 BCNSPRNW ULIB Ver.6.0+V

เปลี่ยนเป็นภาษาไทย

Change to English
 แสดงรายละเอียดบรรณานุกรม
  กลับหน้าหลัก

Brief Record : Get Marc (ISO 2709) : E-mail record : QR code < ปิดหน้าต่าง
LEADER : 00000nam 2200000uu 4500
001    13399109281
003     ULIB
008    110327s2552||||th 000 0 tha d
020    9786117183089
060 04 WA465^bก173พ 2552
100 0  กรรนิการ์ ฉัตรสันติประภา
245 10 พิษวิทยาของสารเคมีทางอุตสาหกรรม =^bToxicology ofindustrial chemicals /^cโดย กรรนิการ์ ฉัตรสันติประภา
246 31 Toxicology of industrial chemicals
250    พิมพ์ครั้งที่ 1
260    ขอนแก่น :^bภาควิชาพิษวิทยา คณะเภสัชศาสตร์มหาวิทยาลัยขอนแก่น,^c2552
300    186 หน้า ;^bภาพประกอบ ;^c30 ซม.
536    ได้รับทุนสนับสนุนการผลิตตำรา มหาวิทยาลัยขอนแก่น พ.ศ. 2549ลำดับที่ 1
650  7 พิษวิทยา
650  7 พิษวิทยาอุตสาหการ
650  7 สารเคมี
710 2  มหาวิทยาลัยขอนแก่น. ^bคณะเภสัชศาสตร์. ^bภาควิชาพิษวิทยา
945    ^p210^l0^i028941
945    ^p210^l0^i028293
995    ทศพร
999 ^a ใช้งานได้ทุกระบบ
รายการนี้ยังไม่มีแท็ก
คุณยังไม่ได้ล็อกอิน คุณสามารถมีกิจกรรมร่วมกับเว็บไซต์ได้ แต่ต้องล็อกอินก่อน ::
  ล็อกอิน

รายการสื่อสารสนเทศ

ลำดับที่ ประเภท เลขเรียก/บาร์โค้ด สถานที่ สถานะ
- ไม่พบข้อมูล -

รายการใกล้เคียง
    หัวเรื่อง [พิษวิทยา]
    หัวเรื่อง [สารเคมี]

BibComment


ยังไม่เคยถูกคอมเมนท์

คอมเมนท์ทรัพยากรรายการนี้
  คอมเมนท์: พิษวิทยาของสารเคม..


 Copyright 2026. Bcnsprnw @Library